000 00393nam a22001697a 4500
005 20180323163943.0
008 160618b xxu||||| |||| 00| 0 eng d
020 _a981-240-612-3
041 _aeng
082 _b8097
_a338.5024658
100 _aSalvatore, Dominick
_91014
245 _aManagerial Economics
260 _bThomson
300 _a653
650 _aManagement
_9241
942 _cBK
999 _c3064
_d3063